000 01363nam a22003494a 4500
001 ebr10067397
003 CaPaEBR
006 m u
007 cr cn|||||||||
008 981224s1999 maua sb 001 0 eng
010 _z 98055972
020 _z0792384555 (alk. paper)
040 _aCaPaEBR
_cCaPaEBR
035 _a(OCoLC)320320521
050 1 4 _aTK7872.O7
_bH33 1999eb
082 0 4 _a621.3815/33
_221
100 1 _aHajimiri, Ali.
245 1 4 _aThe design of low noise oscillators
_h[electronic resource] /
_cAli Hajimiri, Thomas H. Lee.
246 3 0 _aLow noise oscillators
260 _aBoston :
_bKluwer Academic Publishers,
_cc1999.
300 _axii, 208 p. :
_bill.
504 _aIncludes bibliographical references (p. 187-199) and index.
533 _aElectronic reproduction.
_bPalo Alto, Calif. :
_cebrary,
_d2013.
_nAvailable via World Wide Web.
_nAccess may be limited to ebrary affiliated libraries.
650 0 _aOscillators, Electric
_xDesign and construction.
650 0 _aElectronic circuits
_xNoise.
650 0 _aElectronic noise.
650 0 _aRadio frequency oscillators.
655 7 _aElectronic books.
_2local
700 1 _aLee, Thomas H.,
_d1959-
710 2 _aebrary, Inc.
856 4 0 _uhttp://site.ebrary.com/lib/rucke/Doc?id=10067397
_zAn electronic book accessible through the World Wide Web; click to view
999 _c49139
_d49139